000 00404nam a2200133Ia 4500
008 191014s9999 xx 000 0 und d
020 _a978-0-07-064824-1
082 _a511
_bROS
100 _aKenneth H Rosen
_910599
245 0 _aDiscrete Mathematics and Its Applications with Combinatorics and Graph Theory (6th Edition)
260 _aNew Delhi
_bMcGraw Hill
_c2010
300 _aXvi,787
942 _cBK
999 _c531380
_d531380